| 000 | 00846nam a2200169 i 4500 | ||
|---|---|---|---|
| 001 | 83281 | ||
| 003 | ES-MaACL | ||
| 007 | t| | ||
| 008 | 041116m19721979xxu ||||1| eng d | ||
| 245 | 0 | 0 |
_aInternational Encyclopedia of the Social Sciences / _cDavid L. Sills, editor. |
| 250 | _a[Reprint ed. complete and unabridge]. | ||
| 260 |
_aNew York : _bMacmillan and CÂș : _bThe Free Press ; _aLondon : _bCollier-Macmillan, _c1972-1979. |
||
| 300 |
_a9 v. (18 t.) ; _c26 cm. |
||
| 505 | 8 | _aContiene: V.I (t.1-2): Abil-Coll. -- V.II (t.3-4): Colo-Elas. -- V.III (t.5-6): Elec-Hume. -- V.IV (t.7-8): Humo-Lang. -- V.V (t.9-10): Lang-Myth. -- V.VI (t.11-12): Nade Psyc. -- V.II (t.13-14): Psyc-Soci. --V.VIII (t.15-17): Soci-Zoos. -- V.IX (t.18): Bibliographical Supplement | |
| 700 | 1 |
_aSills, David L. _9106353 |
|
| 852 |
_aES-MaACL _jG-12055-63 _bR.114980 |
||
| 999 |
_c83281 _d83281 |
||